Currency substitution and money demand in Malaysia /
Saved in:
| Main Author: | |
|---|---|
| Format: | Thesis |
| Language: | English |
| Published: |
Petaling Jaya :
Universiti Islam Antarabangsa Malaysia,
1992
|
| Subjects: | |
| Online Access: | http://studentrepo.iium.edu.my/handle/123456789/3054 |
| Tags: |
Add Tag
No Tags, Be the first to tag this record!
|
| LEADER | 018950000a22003850004500 | ||
|---|---|---|---|
| 001 | 90856 | ||
| 005 | 20100223114600.0 | ||
| 008 | 941004s1992 my 000 0 eng | ||
| 035 | |a 317678 | ||
| 035 | |a (Sirsi) 90856 | ||
| 040 | |a UIAM |b eng | ||
| 043 | |a a-my---- | ||
| 049 | |b m | ||
| 050 | |a HG217.A3.M4 | ||
| 100 | 1 | |a Patwari, Hafiz Ahmed | |
| 245 | 1 | 0 | |a Currency substitution and money demand in Malaysia / |c by Hafiz Ahmed Patwari |
| 260 | 1 | |a Petaling Jaya : |b Universiti Islam Antarabangsa Malaysia, |c 1992 | |
| 300 | |a 28 p. | ||
| 500 | |a "Submitted to the graduate committee Kulliyyah of economics and management International Islamic University Malaysia, in partial fulfilment of the requirements for the degree of Master of Economics."--On t.p. | ||
| 502 | |a Thesis (M.A.)--International Islamic University, 1992. | ||
| 504 | |a Includes bibliographical references (leaves 25-28). | ||
| 596 | |a 1 | ||
| 650 | 0 | |a Money |z Malaysia | |
| 650 | 0 | |a Demand for money |z Malaysia | |
| 650 | 0 | |a Foreign exchange |z Malaysia | |
| 651 | 0 | |a Monetary policy |x Malaysia | |
| 655 | 0 | 7 | |a Theses, IIUM local |
| 690 | 0 | |a Dissertations, Academic |x Department of Economics |z IIUM | |
| 710 | 2 | |a International Islamic University Malaysia. |b Kulliyyah of Economics and Management Sciences | |
| 856 | 4 | |u http://studentrepo.iium.edu.my/handle/123456789/3054 | |
| 900 | |a aar-sa | ||
| 999 | |c 430677 |d 462168 | ||
| 952 | |0 0 |6 T HG 000217 A3 M4 P322C 1992 |7 0 |8 THESES |9 749963 |a IIUM |b IIUM |c MULTIMEDIA |g 0.00 |o t HG 217 A3 M4 P322C 1992 |p 00010981483 |r 2017-10-19 |t 1 |v 0.00 |y THESIS | ||
| 952 | |0 0 |6 LU T HG 217 A3 M4 P322C |7 0 |8 THESES |9 749964 |a IIUM |b IIUM |c CLOSEACCES |g 0.00 |o lu t HG 217 A3 M4 P322C |p 00000317682 |r 2017-10-25 |t 1 |v 0.00 |y THESIS | ||
| 952 | |0 0 |6 TS CDF HG 217 A3 M4 P322C 1992 |7 0 |8 THESES |9 791136 |a IIUM |b IIUM |c MULTIMEDIA |g 0.00 |o ts cdf HG 217 A3 M4 P322C 1992 |p 11100325992 |r 2017-10-26 |t 1 |v 0.00 |y THESISDIG | ||
